000 02235cam a2200445 i 4500
001 200468103
003 TR-AnTOB
005 20260414111458.0
007 ta
008 260414s1986 onc 000 1 eng
010 _a 86047574
020 _a0553051806
020 _a9780553051803
020 _a0553343122
_q(paperback)
020 _a9780553343120
035 _a(CU-S)b18400991-01ucs_sdi
035 _a(OCoLC)13821840
035 _a(OCoLC)ocm13821840
035 _a(EXLNZ-01UCS_NETWORK)9912331333706531
035 _a(TR-AnTOB)200468103
040 _aDLC
_beng
_erda
_cDLC
_dLAS
_dBAKER
_dBTCTA
_dYDXCP
_dAU@
_dWAU
_dOCLCF
_dOCLCQ
_dOCL
_dTC@
_dOCLCQ
_dPAU
_dS#L
_dOCLCQ
_dUWO
_dOCL
_dOCLCO
_dTR-AnTOB
041 0 _aeng
050 0 0 _aPS648.W34
_bS65 1986
090 _aPS648.W34
_bS65 1986
245 0 0 _aSoldiers & civilians :
_bAmericans at war and at home : short stories /
_cedited by Tom Jenks.
246 0 3 _aSoldiers and civilians
264 1 _aToronto ;
_aNew York :
_bBantam Books,
_c1986.
300 _a305 pages ;
_c22 cm
336 _atext
_btxt
_2rdacontent
337 _aunmediated
_bn
_2rdamedia
338 _avolume
_bnc
_2rdacarrier
505 0 0 _tI'm worried about you /
_rWard Just --
_tNorth light /
_rMark Helprin --
_tSoldier's joy /
_rTobias Wolff --
_tSeeds of conflict /
_rKathryn Kramer --
_tCommunist /
_rRichard Ford --
_tThe dark men /
_rAndre Dubus --
_tLost sons /
_rJames Salter --
_tThe honored dead /
_rBreece D'J Pancake --
_tTan /
_rJohn Sayles --
_tNovember and December: Billy, 1969 /
_rJayne Anne Phillips --
_tGood morning to you, lieutenant /
_rLarry Heinemann --
_tTanks /
_rJohn Mort --
_tThe ghost soldiers /
_rTim O'Brien --
_tBig Bertha stories /
_rBobbie Ann Mason --
_tOperate and maintain /
_rRobert Stone --
_tWhere Pelham fell /
_rBob Shacochis --
_tAble, Baker, Charlie, Dog /
_rStephanie Vaughn --
_tUnder the wheat /
_rRick DeMarinis --
_tOn for the long haul /
_rT.C. Boyle --
_tHuman moments in World War III /
_rDon De Lillo.
650 0 _aWar stories, American
_9153645
650 0 _aAmerican fiction
_y20th century
_982837
655 7 _aWar fiction
_2lcgft
_9153646
700 1 _aJenks, Tom,
_d1950-
_eeditor
_4edt
_9153648
942 _2lcc
_cBK
999 _c200468103
_d86315